Statistics for FIFA World Cup Records - Players

Click here to take the quiz!

General Stats

  • This quiz has been taken 104 times
  • The average score is 9 of 20

Answer Stats

RecordNumberTeamAnswer% Correct
Most titles3BrazilPelé
98%
Most goals scored16GermanyMiroslav Klose
89%
Most goals scored as a captain (name either)6Argentina/EnglandDiego Maradona | Harry Kane
73%
Oldest player in a final match42 yearsItalyDino Zoff
63%
Most clean sheets by a goalkeeper (name either)10England/FrancePeter Shilton | Fabien Barthez
61%
Most consecutive appearances in a final match3BrazilCafu
59%
Most minutes played2217ItalyPaolo Maldini
59%
Most goals scored in a single tournament13FranceJust Fontaine
57%
Most matches played25GermanyLothar Matthäus
57%
Most tournaments as captain5MexicoRafael Márquez
43%
Most goals scored in a final match3EnglandGeoff Hurst
42%
Most appearance in a final match as a captain (name either)2Germany/BrazilKarl-Heinz Rummenigge | Dunga
39%
Scored at least one goal in every match played during the same tournament7 goals in 6 matchesBrazilJairzinho
37%
Fastest goal from kickoff11 secondsTurkeyHakan Şükür
32%
Most goals scored in a single match5RussiaOleg Salenko
30%
Most goals for different national teams3Yugoslavia (1), Croatia (2)Robert Prosinečki
20%
Goalkeeper with most consecutive minutes without conceding a goal517ItalyWalter Zenga
18%
Youngest player17 yearsNorthern IrelandNorman Whiteside
13%
Oldest player and captain45 yearsEgyptEssam El-Hadary
9%
Youngest captain21 yearsUnited StatesTony Meola
3%

Score Distribution

Percentile by Number Answered

Percent of People with Each Score

Your Score History

You have not taken this quiz